[Event "Karnevals-Open"]
[Site "Solingen"]
[Date "2012.02.19"]
[Round "5.18"]
[White "Westendorp, Christian"]
[Black "Schwarz, Eduard"]
[Result "1-0"]
[WhiteElo "1784"]
[BlackElo "2002"]
[PlyCount "49"]
[EventDate "2012.??.??"]
[WhiteTeam "TUS 08 Rheinberg e.V."]
[BlackTeam "SG Turm Idstein"]

1. d4 Nf6 2. c4 e6 3. Nc3 Bb4 4. f3 c5 5. Bg5 cxd4 6. Qxd4 Nc6 7. Qh4 Be7 8.
O-O-O O-O 9. e4 d5 10. exd5 exd5 11. cxd5 Nxd5 12. Rxd5 Qb6 13. Rb5 Bxg5+ 14.
Qxg5 Qf2 15. Bd3 a6 16. Nh3 Qd4 17. Rd5 Qb6 18. Qh4 Qe3+ 19. Kb1 g6 20. Re1 Qb6
21. Ng5 h5 22. Nh7 Nb4 23. Nxf8 Nxd3 24. Rxd3 Bf5 25. Ne4 1-0

[Event "Karnevals-Open"]
[Site "Solingen"]
[Date "2012.02.19"]
[Round "5.19"]
[White "Backes, Jürgen"]
[Black "Jablonowski, Christoph"]
[Result "0-1"]
[WhiteElo "1739"]
[BlackElo "1963"]
[PlyCount "60"]
[EventDate "2012.??.??"]
[WhiteTeam "vereinslos"]
[BlackTeam "Krefelder SK Turm 1851 e"]

1. d4 Nf6 2. c4 g6 3. Nc3 Bg7 4. e4 d6 5. Nf3 O-O 6. h3 e5 7. d5 Nh5 8. Bd3 f5
9. exf5 gxf5 10. Bg5 Qe8 11. Be2 h6 12. Bh4 Nf4 13. Rg1 e4 14. Nd4 Nd3+ 15.
Bxd3 exd3+ 16. Ne6 Bxe6 17. dxe6 Qxe6+ 18. Kd2 Qxc4 19. Qh5 Nc6 20. g4 Qf4+ 21.
Kxd3 Nb4+ 22. Ke2 Qc4+ 23. Kf3 fxg4+ 24. Kg2 Bxc3 25. bxc3 Qd5+ 26. Qxd5+ Nxd5
27. c4 Nb6 28. Kh2 Rf4 29. Rac1 Nxc4 30. f3 b5 0-1

[Event "Karnevals-Open"]
[Site "Solingen"]
[Date "2012.02.19"]
[Round "5.20"]
[White "Elefteriadis, Paul-Gabriel"]
[Black "Surguchov, Alexander"]
[Result "1/2-1/2"]
[WhiteElo "1894"]
[BlackElo "1640"]
[PlyCount "36"]
[EventDate "2012.??.??"]
[WhiteTeam "Gütersloher SV von 192"]
[BlackTeam "Verein f. Sport u. Freizeit v. 1"]

1. Nf3 e6 2. c4 f5 3. g3 Nf6 4. Bg2 c6 5. O-O d5 6. b3 Bd6 7. Bb2 Nbd7 8. Qc2
O-O 9. Nc3 Ne4 10. cxd5 exd5 11. d3 Nef6 12. Rad1 f4 13. Nd4 Nb6 14. e4 fxe3
15. fxe3 Ng4 16. Rxf8+ Qxf8 17. Bc1 Qe7 18. Qe2 Bd7 1/2-1/2

[Event "Karnevals-Open"]
[Site "Solingen"]
[Date "2012.02.19"]
[Round "5.21"]
[White "Buckels, Valentin"]
[Black "Vranidis, Athanassios"]
[Result "1/2-1/2"]
[WhiteElo "1716"]
[BlackElo "1845"]
[PlyCount "54"]
[EventDate "2012.??.??"]
[WhiteTeam "SK Turm Kleve 1974 e.V."]
[BlackTeam "SG Solingen e.V."]

1. d4 Nf6 2. c4 e6 3. Nf3 d5 4. g3 dxc4 5. Qc2 a6 6. a4 Bd7 7. Qxc4 Bc6 8. Bg2
Be7 9. O-O O-O 10. Nc3 Nbd7 11. Bf4 Nb6 12. Qb3 Nbd5 13. Ne5 Nxc3 14. bxc3 Bxg2
15. Kxg2 Qd5+ 16. Qxd5 Nxd5 17. Bd2 f6 18. Nd3 b5 19. a5 c6 20. e4 Nc7 21. Rfc1
Rfd8 22. Be3 e5 23. Ne1 Ne6 24. Nf3 Bd6 25. h3 Rac8 26. Kg1 g6 27. Kg2 Kf7
1/2-1/2

[Event "Karnevals-Open"]
[Site "Solingen"]
[Date "2012.02.19"]
[Round "5.22"]
[White "Rosenauer, Horst"]
[Black "Porstmann, Jan"]
[Result "0-1"]
[WhiteElo "1836"]
[BlackElo "1632"]
[PlyCount "54"]
[EventDate "2012.??.??"]
[WhiteTeam "Bergische SF 1923 Ber"]
[BlackTeam "SG Solingen e.V."]

1. e4 c5 2. Nf3 d6 3. d4 cxd4 4. Nxd4 Nf6 5. Nc3 a6 6. Be3 e5 7. Nb3 Be6 8. Bg5
Be7 9. Bxf6 Bxf6 10. Nd5 Nd7 11. g3 Rc8 12. Bg2 O-O 13. c3 Bg5 14. O-O Nb6 15.
Nd2 Bh6 16. Kh1 Nxd5 17. exd5 Bf5 18. Ne4 Qd7 19. Qb3 Bg4 20. Qb4 Rfd8 21. Nxd6
a5 22. Qxb7 Qxd6 23. Qb3 Be2 24. Rfe1 Bc4 25. Qa4 Bxd5 26. Qxa5 Qc6 27. Bxd5
Rxd5 0-1

[Event "Karnevals-Open"]
[Site "Solingen"]
[Date "2012.02.19"]
[Round "5.23"]
[White "Görke, Joachim"]
[Black "Boschek, Dr. Hans-Joachim"]
[Result "1-0"]
[WhiteElo "2167"]
[BlackElo "1900"]
[PlyCount "67"]
[EventDate "2012.??.??"]
[WhiteTeam "Schachgesellschaft Solingen e.V."]
[BlackTeam "SV 1922 Hilden"]

1. e4 c5 2. Nf3 e6 3. d4 cxd4 4. Nxd4 Nc6 5. c4 Nxd4 6. Qxd4 Ne7 7. Be3 Nc6 8.
Qd2 Be7 9. Nc3 a6 10. Be2 O-O 11. O-O b6 12. Rad1 d6 13. f4 Qc7 14. Bf3 Rb8 15.
g4 b5 16. cxb5 axb5 17. Qg2 Na5 18. f5 Nc4 19. Bd4 b4 20. Ne2 e5 21. b3 Na3 22.
Rc1 Qa5 23. Be3 Ba6 24. g5 Rfc8 25. f6 Bd8 26. fxg7 Nc2 27. g6 fxg6 28. Bh6
Bb6+ 29. Kh1 Be3 30. Qh3 Bxh6 31. Qxh6 Nd4 32. Nxd4 Bxf1 33. Bg4 Re8 34. Rxf1
1-0

[Event "Karnevals-Open"]
[Site "Solingen"]
[Date "2012.02.19"]
[Round "5.24"]
[White "Peter, Sebastian"]
[Black "Hollender, Christoph"]
[Result "1/2-1/2"]
[WhiteElo "1997"]
[BlackElo "1831"]
[PlyCount "81"]
[EventDate "2012.??.??"]
[WhiteTeam "Gütersloher SV von 192"]
[BlackTeam "SV Blau-Weiß Concordia 07/24 Vie"]

1. e4 d6 2. d4 Nf6 3. Nc3 g6 4. Be2 Bg7 5. g4 c6 6. g5 Nfd7 7. Be3 Qa5 8. Qd2
c5 9. d5 a6 10. f4 b5 11. Nf3 Nb6 12. Kf2 Na4 13. Nxa4 Qxa4 14. e5 Bf5 15. Bd3
Bxd3 16. cxd3 Nd7 17. b3 Qa3 18. d4 Rc8 19. Kg3 cxd4 20. Bxd4 dxe5 21. fxe5 O-O
22. Rhc1 Nc5 23. Qe3 Nd7 24. e6 Qd6+ 25. Kg2 fxe6 26. Qxe6+ Qxe6 27. dxe6 Nb8
28. Bxg7 Kxg7 29. Ne5 Rfd8 30. Rxc8 Rxc8 31. Rf1 Rc5 32. Rf7+ Kg8 33. Nd7 Rxg5+
34. Kf2 Nc6 35. Ke3 Rd5 36. Rf8+ Kg7 37. Rf7+ Kg8 38. Rf8+ Kg7 39. Rc8 Rd6 40.
Nc5 Nd8 41. Rc7 1/2-1/2

[Event "Karnevals-Open"]
[Site "Solingen"]
[Date "2012.02.19"]
[Round "5.25"]
[White "Reinacher, Detlev"]
[Black "Gröne, Lars"]
[Result "0-1"]
[WhiteElo "1748"]
[BlackElo "1894"]
[PlyCount "50"]
[EventDate "2012.??.??"]
[WhiteTeam "SC Hansa Dortmund e.V."]
[BlackTeam "SVG Salzgitter e.V."]

1. Nf3 Nf6 2. g3 g6 3. Bg2 Bg7 4. O-O O-O 5. d3 d5 6. c3 c5 7. Nbd2 Nc6 8. Qc2
b6 9. a3 Bb7 10. b4 cxb4 11. axb4 Qc7 12. Ba3 Rfc8 13. Rac1 e6 14. Nb3 Ne8 15.
c4 dxc4 16. dxc4 a5 17. bxa5 Nxa5 18. Nxa5 Rxa5 19. Bb4 Ra7 20. Qb3 Rca8 21.
Nd2 Ra2 22. c5 Bxg2 23. Kxg2 bxc5 24. Rxc5 Qb7+ 25. Kg1 Rb2 0-1

[Event "Karnevals-Open"]
[Site "Solingen"]
[Date "2012.02.19"]
[Round "5.26"]
[White "Imcke, Patrick"]
[Black "Runte, Dirk"]
[Result "1-0"]
[WhiteElo "1854"]
[BlackElo "1576"]
[PlyCount "31"]
[EventDate "2012.??.??"]
[WhiteTeam "Sportfreunde Katernberg 1913 e.V"]
[BlackTeam "SF Schlebusch"]

1. d4 Nf6 2. c4 e6 3. Nc3 b6 4. e4 Bb7 5. Qc2 d5 6. cxd5 exd5 7. e5 Ne4 8. Bb5+
Nd7 9. Nf3 Nxc3 10. bxc3 a6 11. Bd3 c5 12. O-O h6 13. Re1 cxd4 14. e6 fxe6 15.
Bg6+ Ke7 16. Ba3+ 1-0

[Event "Karnevals-Open"]
[Site "Solingen"]
[Date "2012.02.19"]
[Round "5.27"]
[White "Kniest, Oliver"]
[Black "Nink, Niklas"]
[Result "1-0"]
[WhiteElo "2293"]
[BlackElo "819"]
[PlyCount "43"]
[EventDate "2012.??.??"]
[WhiteTeam "SG Solingen e.V."]
[BlackTeam "SG Solingen e.V."]

1. Nf3 d5 2. d4 e6 3. c4 c5 4. cxd5 exd5 5. g3 Nf6 6. Bg2 Nc6 7. O-O Bd6 8. Nc3
O-O 9. Bg5 h6 10. Bxf6 Qxf6 11. Nxd5 Qe6 12. dxc5 Be5 13. Nxe5 Qxe5 14. Qd2 Rd8
15. f4 Qd4+ 16. Qxd4 Nxd4 17. Rad1 Nxe2+ 18. Kf2 Bg4 19. Bf3 Bxf3 20. Kxf3 Nxg3
21. hxg3 Rac8 22. Ne7+ 1-0

[Event "Karnevals-Open"]
[Site "Solingen"]
[Date "2012.02.19"]
[Round "5.28"]
[White "Brinkmann, Katharina"]
[Black "Grasse, Herbert"]
[Result "1-0"]
[WhiteElo "1492"]
[BlackElo "1805"]
[PlyCount "51"]
[EventDate "2012.??.??"]
[WhiteTeam "SF Köln-Mülheim e.V."]
[BlackTeam "SV Kamen 1930"]

1. d4 f5 2. c4 Nf6 3. Nc3 c6 4. Bg5 e6 5. e3 Be7 6. Bd3 a5 7. Nge2 Na6 8. O-O
O-O 9. Qd2 d6 10. Bxf6 Rxf6 11. e4 e5 12. exf5 Bxf5 13. Bxf5 Rxf5 14. Ng3 Bg5
15. Qe2 Rf4 16. dxe5 d5 17. cxd5 cxd5 18. Rad1 d4 19. Qc4+ Kh8 20. Nce2 Rc8 21.
Qb5 Rh4 22. Nf5 Nc7 23. Qb3 Re4 24. Rxd4 Rxd4 25. Nfxd4 Nd5 26. Ne6 1-0

[Event "Karnevals-Open"]
[Site "Solingen"]
[Date "2012.02.19"]
[Round "5.29"]
[White "Sloka, Andreas"]
[Black "Maj, Kornel"]
[Result "1/2-1/2"]
[WhiteElo "1796"]
[BlackElo "1441"]
[PlyCount "56"]
[EventDate "2012.??.??"]
[WhiteTeam "Krefelder SK Turm 1851 e"]
[BlackTeam "Elberfelder SG"]

1. d4 d5 2. c4 e6 3. Nc3 Nf6 4. Bg5 c6 5. e3 Nbd7 6. Nf3 Bd6 7. Rc1 O-O 8. Bd3
h6 9. Bh4 a6 10. O-O b5 11. cxd5 cxd5 12. a4 b4 13. Nb1 Qb6 14. Nbd2 a5 15. Nb3
Ne4 16. Bxe4 dxe4 17. Nfd2 Ba6 18. Nc4 Bxc4 19. Rxc4 Qb7 20. Bg3 Bxg3 21. fxg3
Qd5 22. Qc2 Nb6 23. Rc5 Rfc8 24. Rc1 Rxc5 25. Nxc5 Rc8 26. b3 Nd7 27. Kf2 Nxc5
28. dxc5 f5 1/2-1/2

[Event "Karnevals-Open"]
[Site "Solingen"]
[Date "2012.02.19"]
[Round "5.30"]
[White "Seeger, Simon"]
[Black "Pitz, Marko"]
[Result "1/2-1/2"]
[WhiteElo "1371"]
[BlackElo "1690"]
[PlyCount "63"]
[EventDate "2012.??.??"]
[WhiteTeam "SV Betzdorf-Kirchen"]
[BlackTeam "Greifswalder SV"]

1. Nf3 f5 2. d4 Nf6 3. c4 e6 4. Nc3 d6 5. g3 Be7 6. Bg2 Nc6 7. O-O O-O 8. a3
Ne4 9. Qc2 Nxc3 10. Qxc3 Bf6 11. Rd1 Qe7 12. Qc2 Bd7 13. e3 Qe8 14. Bd2 Nd8 15.
a4 Nf7 16. b3 g5 17. Rab1 Rb8 18. Qc1 g4 19. Ne1 Ng5 20. f3 Nh3+ 21. Bxh3 gxh3
22. Nd3 Bc6 23. Rf1 e5 24. d5 Bd7 25. e4 fxe4 26. fxe4 Qh5 27. Qe1 Bg4 28. Rf2
c6 29. Qe3 cxd5 30. cxd5 Qg6 31. Re1 Ra8 32. Qh6 1/2-1/2

[Event "Karnevals-Open"]
[Site "Solingen"]
[Date "2012.02.19"]
[Round "5.31"]
[White "Özlügedik, Mustafa"]
[Black "Nguyen, Gia Huy Philipp"]
[Result "1-0"]
[WhiteElo "1586"]
[BlackElo "1222"]
[PlyCount "121"]
[EventDate "2012.??.??"]
[WhiteTeam "Ohligser Turnverein 1888 e.V."]
[BlackTeam "SG Solingen e.V."]

1. d4 Nf6 2. Nf3 g6 3. Bf4 Bg7 4. Nc3 d6 5. e4 O-O 6. Qd2 c5 7. Bh6 Bg4 8. Bxg7
Kxg7 9. h3 Bxf3 10. gxf3 cxd4 11. Qxd4 Nc6 12. Qe3 d5 13. O-O-O d4 14. Qg5 h6
15. Qb5 Qb6 16. Na4 Qxb5 17. Bxb5 Rfd8 18. Nc5 Na5 19. Be2 Rac8 20. Nd3 Nc6 21.
e5 Nd5 22. a3 a5 23. Rhg1 e6 24. f4 b5 25. b3 b4 26. a4 Nc3 27. Rd2 Nxe2+ 28.
Rxe2 Ne7 29. Rd2 Nf5 30. Nb2 Rc3 31. Rd3 Rdc8 32. Rxc3 Rxc3 33. Nc4 d3 34. Rd1
Rxc2+ 35. Kb1 Rc3 36. Nxa5 Nd4 37. Kb2 Rc2+ 38. Kb1 d2 39. Nc4 Rc1+ 40. Rxc1
dxc1=Q+ 41. Kxc1 Nxb3+ 42. Kb2 Nc5 43. a5 Kf8 44. Ne3 h5 45. Nc2 Ke8 46. Nxb4
Kd8 47. Kc3 Kc8 48. Kc4 Nd7 49. Nc6 Kc7 50. Kb5 Kc8 51. a6 Kc7 52. Nd8 Nb6 53.
Nxf7 Na8 54. Nh8 Kd7 55. Nxg6 Kc8 56. Ne7+ Kb8 57. Nc6+ Kc8 58. Nd4 Nc7+ 59.
Kc6 Nxa6 60. Nxe6 Nb8+ 61. Kd6 1-0

[Event "Karnevals-Open"]
[Site "Solingen"]
[Date "2012.02.19"]
[Round "5.32"]
[White "Becker, Carsten"]
[Black "Barche, Robert"]
[Result "1-0"]
[WhiteElo "1559"]
[BlackElo "1037"]
[PlyCount "55"]
[EventDate "2012.??.??"]
[WhiteTeam "Stift. Bahn-Sozialwerk Schachgr."]
[BlackTeam "SG Solingen e.V."]

1. e4 e6 2. d4 d6 3. Nf3 b6 4. Bd3 Bb7 5. O-O g6 6. c3 Bg7 7. Be3 Ne7 8. Nbd2
Nd7 9. Re1 O-O 10. Qb3 c6 11. Bg5 d5 12. exd5 cxd5 13. Bb5 Rc8 14. Qa3 Re8 15.
Qxa7 Rc7 16. Qa3 Bc6 17. Bxc6 Rxc6 18. Qa4 Qc7 19. Bxe7 Rxe7 20. Nf1 Qb7 21.
Ne3 b5 22. Qb3 Rb6 23. Nxd5 Qxd5 24. Qxd5 exd5 25. Rxe7 Nf6 26. Ne5 Ne4 27.
Re8+ Bf8 28. Nd7 1-0

[Event "Karnevals-Open"]
[Site "Solingen"]
[Date "2012.02.19"]
[Round "5.33"]
[White "Rist, Kurt"]
[Black "Rieger, Isabelle"]
[Result "0-1"]
[WhiteElo "1662"]
[BlackElo "1662"]
[PlyCount "98"]
[EventDate "2012.??.??"]
[WhiteTeam "Schachgesellschaft Solingen e.V."]
[BlackTeam "SV Fideler Bauer Lever"]

1. e4 c5 2. Nf3 Nc6 3. Bb5 Na5 4. O-O a6 5. Be2 e6 6. Re1 Be7 7. b3 d5 8. exd5
exd5 9. d4 cxd4 10. Bg5 Nc6 11. Bf1 Be6 12. h4 Nf6 13. Nxd4 Nxd4 14. Qxd4 h6
15. Bf4 Ng4 16. Qxg7 Bf6 17. Rxe6+ fxe6 18. Qg6+ Kf8 19. Bd2 Ne5 20. Bb4+ Be7
21. Qf6+ Nf7 22. Bxe7+ Qxe7 23. Qd4 Rg8 24. Nc3 Rc8 25. Na4 b5 26. Nb6 Rc6 27.
a4 Qc7 28. a5 Rxc2 29. Re1 Qc3 30. Nd7+ Ke7 31. Qxc3 Rxc3 32. Nb6 Rd8 33. b4
Rb3 34. g3 Rxb4 35. Bh3 Re4 36. Rd1 Ne5 37. Bg2 Re2 38. Kf1 Ra2 39. Bh3 Nf3 40.
Kg2 Rf8 41. Rc1 Nd4 42. Rc7+ Kd6 43. Rd7+ Ke5 44. Rxd5+ Ke4 45. Re5+ Kxe5 46.
Nd7+ Kd5 47. Nxf8 b4 48. Ng6 b3 49. Nf4+ Kd6 0-1

[Event "Karnevals-Open"]
[Site "Solingen"]
[Date "2012.02.19"]
[Round "5.35"]
[White "Möller, Laura"]
[Black "Barche, Uwe"]
[Result "0-1"]
[WhiteElo "963"]
[BlackElo "1061"]
[PlyCount "128"]
[EventDate "2012.??.??"]
[WhiteTeam "SG Solingen e.V."]
[BlackTeam "SG Solingen e.V."]

1. c4 e6 2. g3 c5 3. Bg2 Nc6 4. Nc3 Nge7 5. Nf3 Rb8 6. d3 a6 7. Bf4 d6 8. e4
Ng6 9. Qd2 Nxf4 10. Qxf4 e5 11. Qe3 Be7 12. O-O Nb4 13. Rac1 Bg4 14. a3 Bxf3
15. Bxf3 Bg5 16. Qe1 Bxc1 17. Qxc1 Nc6 18. Nd5 Nd4 19. Qd1 O-O 20. Bg2 b5 21.
b3 bxc4 22. dxc4 Rxb3 23. a4 Re8 24. f4 exf4 25. Rxf4 Qb8 26. Qg4 Kf8 27. Qd7
Ne2+ 28. Kf2 Nxf4 29. Nxf4 Rb2+ 30. Kf3 Qb3+ 31. Kg4 Qb7 32. Qxd6+ Qe7 33. Qd3
Rd8 34. Nd5 Rxg2 35. Qf3 Qe6+ 36. Kf4 Qh6+ 37. Kg4 Rxh2 38. Qa3 Qh3+ 39. Kf3
Qf1+ 40. Kg4 h5+ 41. Kg5 Qxc4 42. Qf3 Qe2 43. Qf4 Qg4+ 44. Qxg4 hxg4 45. Kxg4
Re8 46. Kf3 c4 47. Nc3 Rc2 48. a5 Rxc3+ 49. Kf4 Ra3 50. Kg4 Rxe4+ 51. Kh3 Ree3
52. Kh4 Rxg3 53. Kh5 Rh3+ 54. Kg4 Rag3+ 55. Kf5 g6+ 56. Ke5 Rg5+ 57. Kd4 c3 58.
Kc4 c2 59. Kb4 Rh4+ 60. Kb3 c1=N+ 61. Kb2 Rg3 62. Kb1 Rh2 63. Ka1 Nd3 64. Kb1
Rg1# 0-1